LEADER 01221nam a2200253 4500 001 000000350077 003 CaOOAMICUS 005 20220426162005.0 008 220426s2022 it 000 u ita r 020 $a978-88-6894-532-9 040 $aSeMil$bita 110 2 $aComunità Sorelle del Signore .$0(OLS)http://semarc/name/115698 245 10$aVolgeranno lo sguardo a colui che hanno trafitto :$bVia Crucis con i pensieri di Charles de Foucauld /$cComunità Sorelle del Signore. 264 1$aMilano :$bCentro Ambrosiano,$c2022. 300 $a32 p. ;$c21 cm 650 4$aFoucauld, Charles : de - Spiritualità.$0(OLS)http://semarc/subject/9708 650 4$aVia Crucis - Meditazioni.$0(OLS)http://semarc/subject/10367 850 $aSeMil 852 $aSeMil$W1$xVenegono$y1$m5B III 62/13$j233197$B241097$CSeMilBibl$Z2$F241097 $81 961 $aOmaggio editore 996 $6020$a978-88-6894-532-9$9(OLS)http://semarc/number/295751 996 $6245$aVolgeranno lo sguardo a colui che hanno trafitto :$bVia Crucis con i pensieri di Charles de Foucauld$9(OLS)http://semarc/title/439759 996 $6264$aMilano :$bCentro Ambrosiano$9(OLS)http://semarc/publisher/29766 LEADER 01475nam a2200241 i 4500 001 000000200637 003 CaOOAMICUS 005 20110412000000.0 008 110412s1875 it u000 u ita u 013 $a179337 040 $aSeMil$bita 245 10$aR. corte d'appello sedente in Bologna nella causa formale portata in appello dal sig. Marco Mambrini ... contro Tozzoni conte Ciro ... in punto a rivendicazione di beni costituenti la dote del soppresso Benefizio di S. Giovanni Decollato ... :$bmemoria di fatto e di diritto ... /$c[Alfredo Cardinali, Ausonio Venturi]. 260 $aBologna :$bTip. G. Monti,$c1875. 300 $a28 p. ;$c23 cm. 500 $aI nomi degli autori in fine. 700 1 $aItalia : Corte di appello .$0(OLS)http://semarc/name/72522 700 1 $aVenturi, Ausonio.$0(OLS)http://semarc/name/72526 700 1 $aCardinali, Alfredo <1820-1887>.$0(OLS)http://semarc/name/72525 773 0 $t[Miscellanea.$w()24740 850 $aSeMil 852 $aSeMil$W1$xVenegono$y1$m5A II 17/12 FA$j151166$B151166$CSeMilBibl$Z2$F162455 $8I 996 $6245$aR. corte d'appello sedente in Bologna nella causa formale portata in appello dal sig. Marco Mambrini ... contro Tozzoni conte Ciro ... in punto a rivendicazione di beni costituenti la dote del soppresso Benefizio di S. Giovanni Decollato ... :$bmemoria di fatto e di diritto ...$9(OLS)http://semarc/title/290169 996 $6260$aBologna :$bTip. G. Monti$9(OLS)http://semarc/publisher/51451